Регионална библиотека "Любен Каравелов" - Русе

Факторът "Делта" (Запис номер 46086)

MARC детайли
000 -Лидер
Контролно поле с фиксирана дължина 01218nam a2200325 a 4500
003 - Код на организацията, давaща контролен номер
Контролно поле BLK
005 - Дата и час на последна редакция
Контролно поле 20231121144609.0
008 - Елементи от данни с фиксирана дължина
fixed length control field 180408b bul|||||r ||||||| ||bul||
010 ## - Наследен системен номер
LC control number KNG00049889000
020 ## - Международен стандартен номер на книга ISBN
Международен стандартен номер на книга ISBN 954-8009-31-5
040 ## - Източник на каталожния запис
Идентификатор на билиотеката - собственик на записа BLK
041 ## - Код за език
Код за езика на текст/звукозапис или на отделно заглавие Български
Код за езика КДБФ Български
080 ## - УДК
Текстов определител УДК Американска литература (на САЩ)
УДК код - определител по УДК 821.111(73)
УДК определител -312.4
УДК - код + определител 821.111(73)-312.4
100 1# - Редна дума - Автор
Автор Спилейн, Мики
Авторска отговорност първи автор
Автор - информация (биография) Морис, Франк
R(LIN) 122690
139 ## - Редно поле
Редна дума Спилейн, Мики
Авторски знак Спи - С 57
245 10 - Сведения за заглавието
Заглавие Факторът "Делта"
Подзаглавни данни Кримин. роман
Редно поле (дума) Мики Спилейн; прев. от англ. Деян Кючуков.
257 ## - Страна на издаване
Страна на създаване/издаване Съединени американски щати
260 ## - Област на издателските данни
Място на издаване, разпространение и проч. София
Име на издателя, разпространителя и проч. Гарант-21
Година на издаване 1993
300 ## - Физическа характеристика
Страници 221 с.
Размери/Мащаб 20 см
380 ## - Жанр
Жанр Худож. лит.
500 ## - Общи забележки
Забележка Ориг. загл. The Delta Factor / Mickey Spillane. - Офс. изд. - 13 000 тир.
700 ## - Други автори (авторска отговорност)
Лично име Кючуков, Деян Любомиров
Дати, свързани с автора 1969-
9 (RLIN) 469012
852 ## - Местоположение
Форматна сигнатура Цб 174470
Фондова буква Хранилище
856 4# - Електронен адрес и достъп
Електронен формат pdf - файл
Инструкция (цена за достъп) 0.00
Права за достъп disable
856 4# - Електронен адрес и достъп
Електронен формат pdf - файл
Инструкция (цена за достъп) 0.00
Права за достъп disable
999 ## - СИСТЕМНИ КОНТРОЛНИ НОМЕРА
Koha biblionumber 46086
Koha biblioitemnumber 46086
942 ## - АРТИКУЛИ
Вид на библиотечния материал Книги
Скрит в OPAC Не
Периодичен библиозапис Да
944 ## - СЪЗДАВАНЕ И РЕДАКЦИЯ на ЗАПИСА
Създаване/Редакция Създаване
Дата на регистрацията/редакция 10.05.2005
Служител, извършил регистрацията/редакцията 30529
Статус, дата на статуса Диана Гривева
944 ## - СЪЗДАВАНЕ И РЕДАКЦИЯ на ЗАПИСА
Създаване/Редакция Редакция
Дата на регистрацията/редакция 13.10.2005
999 ## - СИСТЕМНИ КОНТРОЛНИ НОМЕРА
Koha biblioitemnumber 46086
Наличности
Код за отписване Код за изгубен артикул Код за повреда Коз за рестрикции Код за отдаване Артикулен № Име на библиотеката - собственик Име на библиотеката, в която се намира в момента Статус (Текущо местоположение) Дата на вписване в системата Местоположение - отдел Цена в лева Инвентарен номер Систематично азбучна сигнатура Баркод Номер на екземпляра Цена в евро Служебна бележка Служебен тип на артикула Бележка за публиката Източник на класификационната схема
Изтеглен Не е изгубен Не е повреден без рестрикции заемане за дома 72729 Регионална библиотека "Любен Каравелов" Русе Регионална библиотека "Любен Каравелов" Русе   2005-05-10 Заемна - подръчен фонд 2.00 120000694001 П 820(73)-31/С 57 120000694001 1 1.02 Дост: Pk Вид: Ф N: 17 Дата: 05.05.2005 Книги Отч.N: 20/2018 , Дата: 26.03.2018  
Изтеглен Не е изгубен Не е повреден без рестрикции заемане за дома 72730 Регионална библиотека "Любен Каравелов" Русе Регионална библиотека "Любен Каравелов" Русе Заемна - подръчен фонд 1993-01-01 Заемна - подръчен фонд 1.89 593265 П 820(73)-31/С 57 593265 2 0.97 Дост: Pk Вид: Ф N: стар фонд Дата: 01.01.1993 Книги   Universal Decimal Classification
  Не е изгубен Не е повреден без рестрикции ползва се в читалня 72731 Регионална библиотека "Любен Каравелов" Русе Регионална библиотека "Любен Каравелов" Русе Хранилище 1993-01-01 Хранилище 27.00 594158 Цб 174470 120000594158 3 13.80 Дост: Dp Вид: Д N: стар фонд Дата: 01.01.1993 Книги   Universal Decimal Classification
Vip Innovations Ltd, Rousse, Bulgaria 2025